| 000 -LEADER |
| fixed length control field |
00841nam a22002057a 4500 |
| 005 - DATE AND TIME OF LATEST TRANSACTION |
| control field |
20210427075148.0 |
| 008 - FIXED-LENGTH DATA ELEMENTS--GENERAL INFORMATION |
| fixed length control field |
210222s2012 ||||| |||| 00| 0 geo d |
| 020 ## - INTERNATIONAL STANDARD BOOK NUMBER |
| International Standard Book Number |
9789941924286 |
| 040 ## - CATALOGING SOURCE |
| Original cataloging agency |
eng |
| Transcribing agency |
DLC |
| 041 ## - LANGUAGE CODE |
| Language code of text/sound track or separate title |
geo |
| Language code of original |
eng |
| 080 ## - UNIVERSAL DECIMAL CLASSIFICATION NUMBER |
| Universal Decimal Classification number |
33 |
| Item number |
ს-84 |
| 100 ## - MAIN ENTRY--PERSONAL NAME |
| 9 (RLIN) |
1060 |
| Personal name |
სტიგლიცი, ჯოზეფ / Stiglitz, E. Joseph |
| 245 ## - TITLE STATEMENT |
| Title |
გლობალიზაცია და მისი თანმდევი უკმაყოფილება |
| Remainder of title |
: Globalization and Its Discontents |
| Statement of responsibility, etc. |
/ by: რადარამი / Radarami |
| 260 ## - PUBLICATION, DISTRIBUTION, ETC. |
| Place of publication, distribution, etc. |
თბილისი / Tbilisi |
| Name of publisher, distributor, etc. |
რადარამი / Radarami |
| Date of publication, distribution, etc. |
2012 |
| 300 ## - PHYSICAL DESCRIPTION |
| Extent |
382 p. |
| 650 #0 - SUBJECT ADDED ENTRY--TOPICAL TERM |
| 9 (RLIN) |
446 |
| Topical term or geographic name entry element |
Economics |
| 653 ## - INDEX TERM--UNCONTROLLED |
| Uncontrolled term |
ეკონომიკა |
| 700 ## - ADDED ENTRY--PERSONAL NAME |
| 9 (RLIN) |
1061 |
| Personal name |
Jamburia, Lia / ჯამბურია ლია |
| Relator term |
Translator |
| 942 ## - ADDED ENTRY ELEMENTS (KOHA) |
| Source of classification or shelving scheme |
|
| Koha item type |
Books |